书目信息 |
| 题名: |
黄海陆架辐射沙脊群
|
|
| 作者: | 王颖 主编 | |
| 分册: | ||
| 出版信息: | 北京 中国环境科学出版社 2002.12 |
|
| 页数: | 433页 | |
| 开本: | 26cm | |
| 丛书名: | ||
| 单 册: | ||
| 中图分类: | P737.272.5 | |
| 科图分类: | ||
| 主题词: | 海洋学--基础理论 | |
| 电子资源: | ||
| ISBN: | 7-80163-443-8 | |
| 000 | 00565nam0 2200193 45 | |
| 001 | 0331151864 | |
| 005 | 2003061608391170 | |
| 010 | @a7-80163-443-8@d90.00CNY | |
| 100 | @a20030616d2002 km y0chiy0120 ea | |
| 101 | 0 | @achi |
| 102 | @aCN@b110000 | |
| 200 | 1 | @a黄海陆架辐射沙脊群@AHuang Hai Lu Jia Fu She Sha Ji Qun@f王颖主编@FWang Ying Zhu Bian |
| 210 | @a北京@c中国环境科学出版社@d2002.12 | |
| 215 | @a433页@d26cm | |
| 606 | 0 | @a海洋学@x基础理论 |
| 690 | @aP737.272.5@v3 | |
| 701 | 0 | @a王颖@AWang Ying@4主编 |
| 801 | 0 | @aCN@bPFT@c20030616 |
| 905 | @dP737.272.5@eW432 | |
| 黄海陆架辐射沙脊群/王颖主编.-北京:中国环境科学出版社,2002.12 |
| 433页;26cm |
| ISBN 7-80163-443-8:90.00CNY |
| ● |
| 相关链接 |
|
|
|
正题名:黄海陆架辐射沙脊群
索取号:P737.272.5/W432
 
预约/预借
| 序号 | 登录号 | 条形码 | 馆藏地/架位号 | 状态 | 备注 |
| 1 | 370287 | 203702877 | 自科库401/401自科库 130排1列6层/ [索取号:P737.272.5/W432] | 在馆 |